Global Value Chains in the Post-pandemic World: How can the Western Balkans Foster the Potential of Nearshoring?

Gespeichert in:
Bibliographische Detailangaben
1. Verfasser: Zavarská, Zuzana
Format: Buch
Sprache:Englisch
Veröffentlicht: Vienna The Vienna Institute for International Economic Studies 2022
Schlagworte:
Tags: Tag hinzufügen
Keine Tags, Fügen Sie das erste Tag hinzu!

MARC

LEADER 00000nlm a2200000 4500
001 0292013
005 20240416114206.2
041 0 |a eng 
044 |a AT 
245 1 0 |a Global Value Chains in the Post-pandemic World: How can the Western Balkans Foster the Potential of Nearshoring?  |c Zuzana Zavarská 
264 1 |a Vienna  |b The Vienna Institute for International Economic Studies  |c 2022 
300 |a 32 s. 
610 2 0 |a reťazce hodnotové globálne 
610 2 0 |a investície priame zahraničné 
610 2 0 |a kríza pandemická 
610 2 0 |a koronavírus 
610 2 0 |a Balkán 
100 1 |a Zavarská, Zuzana